| 000 | 00472nam a2200169 a 4500 | ||
|---|---|---|---|
| 001 | 000028278 | ||
| 005 | 20200930031512.0 | ||
| 008 | 110407s1996 dr 000 0 spa d | ||
| 040 |
_aDO-SdBNP _bspa _cBNPHU |
||
| 082 |
_axxxx _bC366c, 1996 |
||
| 100 | 1 |
_aCastor, Luesmil _955279 |
|
| 245 | 1 | 3 |
_a"La comunicación corporativa" / _cLuesmil Castor. |
| 250 | _a2a ed. | ||
| 260 |
_aSanto Domingo : _bGrupo Comunicación, _c1996. |
||
| 300 |
_a15 p. ; _c21 cm. |
||
| 049 | _aBNPD | ||
| 999 |
_c27770 _d27770 |
||